|
|
|
|
| LEADER |
01355nam a22002777a 4500 |
| 001 |
37767 |
| 003 |
BD-DhAAL |
| 008 |
220216t1998 bg a|||| |||| 00| 0 eng d |
| 999 |
|
|
|c 43521
|d 43521
|
| 020 |
|
|
|a 9840738011
|
| 040 |
|
|
|a BD-DhAAL
|
| 041 |
|
|
|a ben
|
| 082 |
|
|
|a 530.141
|
| 100 |
|
|
|a খান, সাইদুর রহমান
|9 45839
|
| 245 |
|
|
|a তড়িৎ চুম্বকীয় তত্ত্ব /
|c সাইদুর রহমান খান, ওসমান গণি তালুকদার, আব্দুস সোবহান
|
| 246 |
|
|
|a Electromagnetic theory
|
| 300 |
|
|
|a [বারো], ২৪৬ পৃষ্ঠা ;
|c ২২ সে.মি.
|
| 504 |
|
|
|a গ্রন্থপঞ্জিগত নির্দেশিকা অন্তর্ভুক্ত।
|
| 526 |
|
|
|a BIED
|
| 541 |
|
|
|a Complimentary copy from BIED
|e 37767
|
| 650 |
|
|
|a Electromagnetic theory.
|9 45840
|
| 700 |
|
|
|a তালুকদার, ওসমান গণি
|9 45841
|
| 700 |
|
|
|a সোবহান, আব্দুস
|9 45842
|
| 852 |
|
|
|a Ayesha Abed Library
|c BIED Collection
|
| 942 |
|
|
|2 ddc
|c BK
|
| 952 |
|
|
|0 0
|1 0
|2 ddc
|4 0
|6 530_141000000000000_KHA
|7 0
|9 69816
|a BRACUL
|b BRACUL
|c GEN
|d 2022-02-16
|e Complimentary copy from BIED
|l 6
|m 6
|o 530.141 KHA
|p 3010037767
|r 2026-01-15
|s 2026-01-05
|t 1
|w 2022-02-16
|y BK
|x Transferred from BIED to General Stacks
|